000 00259nam a22001217a 4500
082 _a425
_bKUM/W
100 _aKUMAR,RAMESH
245 _aWORD POWER MADE EASY
260 _aDELHI
_bM.B.D PUBLISHERS
300 _a704
650 _aVOCABULARY
_zDELHI
942 _cBK
999 _c3859
_d3859